L'Eglise catholique et les relations internationales : depuis la Seconde Guerre mondiale /

Guardado en:
Detalles Bibliográficos
Autor principal: Merle, Marcel (autor)
Otros autores: Montclos, Christine de (autor) (autor)
Formato: Libro
Idioma:Francés
Publicado: París, Francia : Editions du Centurion, 1988, c1988
Colección:(Eglise et Société)
Temas:
Etiquetas: Agrega una etiqueta
Sin etiquetas, Sé el primero en etiquetar este registro!

MARC

LEADER 00000nam^a2200000^a^4500
001 000346600
005 20250521000000.0
009 20260310114750.751
020 |a 2-227-30307-7 
037 |a Acervo ITESO - Biblioteca 
041 |a FRA 
082 |a 261. 87  |b MER 
100 |a Merle, Marcel  |e (autor) 
245 1 1 |a L'Eglise catholique et les relations internationales :  |b depuis la Seconde Guerre mondiale /  |c M. Merle, C. de Montclos. 
264 4 |a París, Francia :  |b Editions du Centurion,  |c 1988, c1988 
300 |a 243 p. 
336 |a texto  |b txt  |2 rdacontenido 
337 |a sin mediación  |b n  |2 rdamedio 
338 |a volumen  |b nc  |2 rdasoporte 
440 1 |a (Eglise et Société) 
561 |a Ex libris de Ignacio Díaz Morales 
649 |a XX 
650 |a Iglesia y Estado -  |x Tema Principal 
650 |a Cristianismo y Política 
650 |a Relaciones Internacionales -  |x Tema Principal 
650 |a Política y Religión 
700 |a Montclos, Christine de  |e (autor) 
910 |a Fondo Ignacio Díaz Morales 
920 |a Impresos - Libros 
930 |a Arquitectos Jaliscienses 
905 |a 114 
901 |a 0500237185  |b IT1  |c JAL  |i D65877  |u 20250521 
902 |a https://opac.biblio.iteso.mx/vufind/Record/000346600